[Event "13th Asian Continental 2014"]
[Site "Sharjah UAE"]
[Date "2014.04.17"]
[Round "1.1"]
[White "Gao, Rui"]
[Black "Bu, Xiangzhi"]
[Result "1/2-1/2"]
[WhiteTitle "GM"]
[BlackTitle "GM"]
[WhiteElo "2484"]
[BlackElo "2699"]
[WhiteFideId "8602387"]
[BlackFideId "8601445"]
[EventDate "2014.04.17"]

1. e4 Nf6 2. e5 Nd5 3. d4 d6 4. Nf3 Bg4 5. Be2 e6 6. O-O Be7 7. c4 Nb6 8. Nc3
O-O 9. Be3 N8d7 10. b3 dxe5 11. Nxe5 Bf5 12. Nxd7 Nxd7 13. Bd3 Bxd3 14. Qxd3 c6
15. Rfd1 Rc8 16. Bf4 Qa5 17. Ne4 Qf5 18. Qe3 Nf6 19. Nd6 Bxd6 20. Bxd6 Rfd8 21.
Ba3 Rd7 22. Bb2 Qe4 23. Qc3 Rcd8 24. Re1 Qf4 25. Qg3 Qxg3 26. hxg3 Ne8 27. g4 h6
28. Re5 Nd6 29. Rae1 b5 30. d5 exd5 31. cxd5 c5 32. g5 Kh7 33. gxh6 Kxh6 34. g4
f6 35. g5+ fxg5 36. Kg2 Kg6 37. Re6+ Kh7 38. Rh1+ Kg8 39. Rh5 Nf5 40. Rxg5 Rxd5
41. Re5 Rxe5 42. Bxe5 Rf8 43. f4 Kh7 44. Kf3 Nh4+ 45. Kg3 Ng6 46. Bd6 Rf6 47.
Bxc5 Nxf4 48. Bxa7 Ne2+ 49. Kg2 Nf4+ 50. Kg3 b4 51. Rg4 Ne2+ 52. Kg2 Nf4+ 53.
Kg3 Ne2+ 1/2-1/2

[Event "13th Asian Continental 2014"]
[Site "Sharjah UAE"]
[Date "2014.04.17"]
[Round "1.2"]
[White "Kasimdzhanov, Rustam"]
[Black "Shyam, Sundar M."]
[Result "1-0"]
[WhiteTitle "GM"]
[BlackTitle "GM"]
[WhiteElo "2693"]
[BlackElo "2481"]
[WhiteFideId "14200244"]
[BlackFideId "5019141"]
[EventDate "2014.04.17"]

1. c4 g6 2. d4 Bg7 3. Nc3 d6 4. Nf3 Nf6 5. e4 O-O 6. Be2 e5 7. O-O Nc6 8. d5 Ne7
9. Bg5 Nh5 10. Ne1 Nf4 11. Nd3 Nxe2+ 12. Qxe2 h6 13. Be3 f5 14. f3 f4 15. Bf2 b6
16. b4 a5 17. a3 g5 18. c5 bxc5 19. bxc5 Ng6 20. Nb5 Rf7 21. Rfc1 Bf8 22. Rc3 g4
23. fxg4 Qg5 24. Ne1 Bxg4 25. Nf3 Qh5 26. h3 Bc8 27. cxd6 Bxd6 28. Qc2 Bd7 29.
Nxc7 Bxc7 30. Rxc7 Kh7 31. Rxd7 Rxd7 32. Qc6 Rad8 33. Bb6 Nh4 34. Nxh4 Qxh4 35.
Bxd8 Qxd8 36. Qe6 Qc7 37. Qf5+ Kg7 38. Qg4+ Kh7 39. Qf5+ Kg7 40. Rd1 Rf7 41.
Qg4+ Kh7 42. d6 Qa7+ 43. Kh2 Qd7 44. Qxd7 Rxd7 45. g3 fxg3+ 46. Kxg3 a4 47. Kh4
Kg6 48. Rd2 h5 49. Rd1 Kh6 50. Rd2 Kg6 51. Rd5 Kh6 52. Rxe5 Rxd6 53. Rxh5+ Kg6
54. Rd5 Rc6 55. Rd4 Ra6 56. Kg4 Kf6 57. Kf4 Ke6 58. h4 Ra8 59. h5 Rf8+ 60. Ke3
Rh8 61. Rxa4 Rxh5 62. Ra6+ Kd7 63. Kd4 Rh1 64. Kd5 Rd1+ 65. Ke5 Rh1 66. a4 Rh5+
67. Kd4 Rh1 68. Kd5 Rd1+ 69. Ke5 Rh1 70. Rd6+ Ke7 71. Rd5 Rh5+ 72. Kd4 Rh1 73.
Kc5 Ke6 74. Rd4 Ra1 75. Kb5 Ke5 76. Rb4 Kd6 77. Rc4 Rb1+ 78. Rb4 Rc1 79. Rd4+
Ke5 80. Rc4 Rb1+ 81. Rb4 Rh1 82. a5 Rh8 83. a6 Ra8 84. Kb6 Rb8+ 85. Ka5 Ra8 86.
Ra4 Kd6 87. Kb5 Rb8+ 88. Kc4 Rc8+ 89. Kd4 Ra8 90. a7 Kc6 91. Ke5 Kb7 92. Kd6
Rd8+ 93. Ke7 Ra8 94. e5 Kc6 95. e6 1-0

[Event "13th Asian Continental 2014"]
[Site "Sharjah UAE"]
[Date "2014.04.17"]
[Round "1.4"]
[White "Yu, Yangyi"]
[Black "Darini, Pouria"]
[Result "1-0"]
[WhiteTitle "GM"]
[BlackTitle "GM"]
[WhiteElo "2667"]
[BlackElo "2471"]
[WhiteFideId "8603820"]
[BlackFideId "12502200"]
[EventDate "2014.04.17"]

1. e4 c5 2. Nf3 d6 3. d4 cxd4 4. Nxd4 Nf6 5. Nc3 a6 6. Be3 e5 7. Nb3 Be6 8. Qd2
Nbd7 9. f4 Rc8 10. f5 Bxb3 11. axb3 d5 12. Nxd5 Nxe4 13. Qe2 Nb6 14. Bxb6 Qxd5
15. Ra4 Nd6 16. c4 Qe4 17. Qxe4 Nxe4 18. b4 Be7 19. Be2 O-O 20. O-O Nd2 21. Rc1
Bg5 22. Rc3 Ne4 23. Rc2 Nd6 24. g4 Rc6 25. Bc5 Rfc8 26. Ra3 h6 27. Kg2 e4 28.
Ra1 Bf4 29. b3 h5 30. Rf1 Be5 31. gxh5 f6 32. Rd2 Nf7 33. Rd7 b6 34. Be3 Bc3 35.
b5 axb5 36. cxb5 Rd6 37. Rd1 Rxd7 38. Rxd7 Ne5 39. Rd6 Ba5 40. h6 Rc2 41. Kf1
Rb2 42. Bd4 Rb1+ 43. Kg2 Nd3 44. hxg7 Bb4 45. Rxf6 Nf4+ 46. Kf2 Bc5 47. Rf8+ 1-0

[Event "13th Asian Continental 2014"]
[Site "Sharjah UAE"]
[Date "2014.04.17"]
[Round "1.7"]
[White "Pourramezanali, Amirreza"]
[Black "Ganguly, Surya Shekhar"]
[Result "0-1"]
[WhiteTitle "FM"]
[BlackTitle "GM"]
[WhiteElo "2435"]
[BlackElo "2631"]
[WhiteFideId "12511412"]
[BlackFideId "5002150"]
[EventDate "2014.04.17"]

1. e4 c5 2. c3 d5 3. exd5 Qxd5 4. d4 Nc6 5. Be3 e5 6. dxc5 Qxd1+ 7. Kxd1 Nf6 8.
Kc2 Nd5 9. Nd2 Bf5+ 10. Kb3 Na5+ 11. Ka4 Bd7+ 12. Ka3 Nxe3 13. fxe3 Bxc5+ 14. b4
Bxe3 15. Ngf3 Bxd2 16. Nxd2 Nc6 17. Nc4 b5 18. Nd6+ Ke7 19. Nxb5 Rhc8 20. Kb2
Rab8 21. Re1 f6 22. Na3 Nxb4 23. cxb4 Rxb4+ 24. Ka1 Be6 25. Rb1 a5 26. Ba6 Rc3
27. Nb5 Rc6 28. Rbc1 Rxa6 29. Rc7+ Kf8 30. Rd1 Ra8 31. Na7 Rc4 32. Rb7 Rd4 33.
Rxd4 exd4 34. Nb5 Rd8 0-1

[Event "13th Asian Continental 2014"]
[Site "Sharjah UAE"]
[Date "2014.04.17"]
[Round "1.8"]
[White "Gupta, Abhijeet"]
[Black "Munkhgal, Gombosuren"]
[Result "1-0"]
[WhiteTitle "GM"]
[BlackTitle "IM"]
[WhiteElo "2630"]
[BlackElo "2424"]
[WhiteFideId "5010608"]
[BlackFideId "4901266"]
[EventDate "2014.04.17"]

1. Nf3 Nf6 2. c4 e6 3. g3 d5 4. Bg2 Be7 5. O-O O-O 6. d4 dxc4 7. Qc2 b5 8. a4 b4
9. Nfd2 c6 10. Nxc4 Qxd4 11. Rd1 Qc5 12. Be3 Qh5 13. Nbd2 Ba6 14. Nf3 Nbd7 15.
Bg5 Bc5 16. Bxf6 Nxf6 17. Nce5 Bb6 18. a5 b3 19. Qxc6 Rac8 20. axb6 Rxc6 21.
Nxc6 Bb7 22. Ra5 Nd5 23. Ne7+ Kh8 24. bxa7 f5 25. Rb5 Ba8 26. Rb8 Qf7 27. Nxd5
Rg8 28. Rc1 h6 29. Rcc8 Rxc8 30. Rxc8+ Kh7 31. Rxa8 Qb7 32. Ng5+ 1-0

[Event "13th Asian Continental 2014"]
[Site "Sharjah UAE"]
[Date "2014.04.17"]
[Round "1.10"]
[White "Nguyen, Ngoc Truong Son"]
[Black "Abdyjapar, Asyl"]
[Result "1-0"]
[WhiteTitle "GM"]
[BlackTitle "IM"]
[WhiteElo "2621"]
[BlackElo "2406"]
[WhiteFideId "12401110"]
[BlackFideId "13800337"]
[EventDate "2014.04.17"]

1. d4 Nf6 2. c4 g6 3. Nc3 d5 4. cxd5 Nxd5 5. e4 Nxc3 6. bxc3 Bg7 7. Be3 O-O 8.
Rc1 c5 9. Qd2 Qa5 10. d5 Nd7 11. Nf3 b5 12. Bd3 Bb7 13. Bh6 f6 14. Bxg7 Kxg7 15.
O-O a6 16. Rb1 Nb6 17. c4 Qxd2 18. Nxd2 b4 19. Nb3 Na4 20. Na5 Rab8 21. a3 Ba8
22. Rfc1 Rfc8 23. f3 Kf7 24. Kf2 e5 25. Bc2 Nc3 26. Ra1 Rb6 27. axb4 cxb4 28.
Bd3 Ke7 29. Nb3 Kd6 30. Ra5 1-0

[Event "13th Asian Continental 2014"]
[Site "Sharjah UAE"]
[Date "2014.04.17"]
[Round "1.11"]
[White "Xu, Yinglun"]
[Black "Vidit, Santosh Gujrathi"]
[Result "1/2-1/2"]
[BlackTitle "GM"]
[WhiteElo "2381"]
[BlackElo "2610"]
[WhiteFideId "8604940"]
[BlackFideId "5029465"]
[EventDate "2014.04.17"]

1. d4 Nf6 2. c4 e6 3. Nf3 b6 4. e3 Bb7 5. Bd3 d5 6. b3 c5 7. cxd5 Nxd5 8. O-O
cxd4 9. Nxd4 Nd7 10. Bb2 Be7 11. Nd2 O-O 12. a3 Rc8 13. b4 a5 14. bxa5 bxa5 15.
Rb1 Nc5 16. Be2 Bf6 17. Bf3 Ba6 18. Be2 Nd3 19. Ne4 Nxb2 20. Rxb2 Bxd4 21. Qxd4
Bxe2 22. Rxe2 Qe7 23. Ra2 Rfd8 24. Qa1 f5 25. Ng3 g6 26. e4 Nf4 27. h3 Nd3 28.
exf5 exf5 29. Re2 Qf7 30. Rd2 Rd5 31. Rfd1 Rcd8 1/2-1/2

[Event "13th Asian Continental 2014"]
[Site "Sharjah UAE"]
[Date "2014.04.17"]
[Round "1.12"]
[White "Adhiban, Baskaran"]
[Black "Akshat, Khamparia"]
[Result "1-0"]
[WhiteTitle "GM"]
[BlackTitle "IM"]
[WhiteElo "2609"]
[BlackElo "2374"]
[WhiteFideId "5018471"]
[BlackFideId "5016541"]
[EventDate "2014.04.17"]

1. e4 d5 2. exd5 Nf6 3. d4 Bg4 4. Nf3 Qxd5 5. Be2 Nc6 6. h3 Bxf3 7. Bxf3 Qd7 8.
c3 O-O-O 9. Qb3 Nd5 10. O-O e5 11. Rd1 exd4 12. cxd4 Kb8 13. Nc3 Ndb4 14. Qa4
Be7 15. Bf4 Qf5 16. Be3 Qa5 17. Qb3 Qf5 18. a3 Na5 19. Qa4 Na6 20. Bg4 Qg6 21.
Qxa5 1-0

[Event "13th Asian Continental 2014"]
[Site "Sharjah UAE"]
[Date "2014.04.17"]
[Round "1.13"]
[White "Nezad, Husein Aziz"]
[Black "Lalith, Babu M.R."]
[Result "1/2-1/2"]
[WhiteTitle "IM"]
[BlackTitle "GM"]
[WhiteElo "2366"]
[BlackElo "2594"]
[WhiteFideId "12100293"]
[BlackFideId "5024595"]
[EventDate "2014.04.17"]

1. d4 Nf6 2. c4 e6 3. Nf3 b6 4. g3 Bb4+ 5. Bd2 a5 6. Bg2 Bb7 7. O-O O-O 8. Bg5
Na6 9. Nbd2 h6 10. Bxf6 Qxf6 11. a3 Bd6 12. e4 e5 13. c5 bxc5 14. dxe5 Bxe5 15.
Nc4 Bd4 16. e5 Bxf3 17. Bxf3 Qe6 18. Bxa8 Qxc4 19. Bf3 Rb8 20. Be2 Qe6 21. Rb1
Rb6 22. Bxa6 Rxa6 23. b4 Qxe5 24. bxc5 Rf6 25. Rb8+ Kh7 26. Rd8 Bxf2+ 27. Kg2
Bxc5 28. Qd3+ g6 29. Rxd7 Kg7 30. Rxf6 Qxf6 31. Rxc7 Qf2+ 32. Kh3 Bxa3 33. Rc2
Qf6 34. Qc3 Bb4 35. Qxf6+ Kxf6 36. Kg4 h5+ 1/2-1/2

[Event "13th Asian Continental 2014"]
[Site "Sharjah UAE"]
[Date "2014.04.17"]
[Round "1.14"]
[White "Wen, Yang"]
[Black "Omar, Noaman"]
[Result "1-0"]
[WhiteTitle "GM"]
[BlackTitle "IM"]
[WhiteElo "2581"]
[BlackElo "2361"]
[WhiteFideId "8602956"]
[BlackFideId "9300244"]
[EventDate "2014.04.17"]

1. c4 e6 2. Nf3 d5 3. g3 Nf6 4. Bg2 d4 5. Qa4+ Bd7 6. Qb3 Bc6 7. O-O Na6 8. d3
Nc5 9. Qd1 a5 10. Na3 Be7 11. Nc2 Bxf3 12. exf3 O-O 13. f4 Ne8 14. b3 c6 15. Bb2
Bf6 16. Ba3 Be7 17. Re1 g6 18. Qd2 Ng7 19. Re5 Qb6 20. Nxd4 Ne4 21. Rxe4 Bxa3
22. Nf3 Rfd8 23. Rd1 a4 24. Qc2 axb3 25. axb3 Be7 26. d4 Ra3 27. Re3 Qa7 28.
Red3 h5 29. h4 Bf6 30. Bh3 Ra2 31. Qc1 c5 32. d5 exd5 33. f5 Kh7 34. Qf4 Qb6 35.
Rxd5 Rxd5 36. Rxd5 Ra6 37. Rd3 Qa5 38. Kg2 Qa1 39. Rd6 Qc3 40. Rxf6 Rxf6 41.
Ng5+ 1-0

[Event "13th Asian Continental 2014"]
[Site "Sharjah UAE"]
[Date "2014.04.17"]
[Round "1.15"]
[White "Khader, Sami"]
[Black "Jumabayev, Rinat"]
[Result "1/2-1/2"]
[WhiteTitle "IM"]
[BlackTitle "GM"]
[WhiteElo "2356"]
[BlackElo "2580"]
[WhiteFideId "8100500"]
[BlackFideId "13702661"]
[EventDate "2014.04.17"]

1. e4 e6 2. d4 d5 3. Nc3 Nf6 4. Bg5 dxe4 5. Nxe4 Nbd7 6. Nxf6+ Nxf6 7. Nf3 h6 8.
Bh4 c5 9. Bb5+ Bd7 10. Bxd7+ Qxd7 11. Bxf6 gxf6 12. Qe2 O-O-O 13. Qc4 Qd5 14.
Qxd5 Rxd5 15. Rd1 f5 16. c4 Rd7 17. b3 cxd4 18. Rxd4 Rxd4 19. Nxd4 Bc5 20. Nf3
Rg8 21. O-O Rd8 22. Re1 Rd6 23. Kf1 Kd8 24. Ke2 Ke7 25. Rc1 e5 26. g3 Ke6 27.
Rc2 e4 28. Ne1 f4 29. f3 fxg3 30. hxg3 f5 31. fxe4 fxe4 32. Kf1 Kf5 33. Re2 Rg6
34. Rg2 Bd6 35. Kf2 Kg4 36. Ke3 Bxg3 37. Nc2 h5 38. Kxe4 Re6+ 39. Kd5 Re7 40.
Nd4 h4 41. Rg1 Re5+ 1/2-1/2

[Event "13th Asian Continental 2014"]
[Site "Sharjah UAE"]
[Date "2014.04.17"]
[Round "1.16"]
[White "Sethuraman, S.P."]
[Black "Fang, Yan"]
[Result "1-0"]
[WhiteTitle "GM"]
[WhiteElo "2576"]
[BlackElo "2323"]
[WhiteFideId "5021596"]
[BlackFideId "8604746"]
[EventDate "2014.04.17"]

1. d4 Nf6 2. c4 d6 3. Nf3 Nbd7 4. Nc3 e5 5. g3 g6 6. Bg2 Bg7 7. O-O O-O 8. e4 c6
9. h3 Re8 10. Be3 a6 11. Qc2 b5 12. Rfd1 Bb7 13. c5 exd4 14. Bxd4 dxc5 15. Bxc5
Qc8 16. Bd6 b4 17. Bxb4 c5 18. Ba5 Nxe4 19. Nd5 Bxd5 20. Rxd5 Rb8 21. Rb1 Ndf6
22. Re5 Rxe5 23. Nxe5 Qf5 24. Nc6 Re8 25. Re1 Bf8 26. Re3 h5 27. Qe2 Qd5 28.
Qxa6 Re6 29. Qa8 Qxc6 30. Qxc6 Rxc6 31. Bxe4 Ra6 32. Bc3 Nxe4 33. Rxe4 Rxa2 34.
Re8 Ra6 35. b4 f6 36. Rc8 Kf7 37. bxc5 Ra2 38. Bd4 g5 39. c6 Rc2 40. c7 Bd6 41.
Bb6 1-0

[Event "13th Asian Continental 2014"]
[Site "Sharjah UAE"]
[Date "2014.04.17"]
[Round "1.17"]
[White "Chu, Wei Chao"]
[Black "Salem, A.R. Saleh"]
[Result "0-1"]
[BlackTitle "GM"]
[WhiteElo "2315"]
[BlackElo "2561"]
[WhiteFideId "8605661"]
[BlackFideId "9301348"]
[EventDate "2014.04.17"]

1. d4 Nf6 2. c4 g6 3. Nc3 d5 4. cxd5 Nxd5 5. e4 Nxc3 6. bxc3 Bg7 7. Bc4 c5 8.
Ne2 Nc6 9. Be3 O-O 10. O-O Na5 11. Bd3 b6 12. dxc5 bxc5 13. Bxc5 Qc7 14. Bd4 e5
15. Be3 Rd8 16. Qc2 Nc4 17. Bxc4 Qxc4 18. Rfd1 Bd7 19. Qd3 Qxd3 20. Rxd3 Bb5 21.
Rxd8+ Rxd8 22. Kf1 Rc8 23. Bxa7 Rxc3 24. Rb1 Ba6 25. Rb8+ Bf8 26. Ke1 Rc4 27.
Be3 Kg7 28. Rb6 Bc8 29. Ng3 Be6 30. Ke2 h5 31. Kd3 Ra4 32. Rb2 Bxa2 33. Ne2 Bc4+
34. Kd2 Bb4+ 35. Nc3 Bf1 36. g3 Ba5 37. Kc2 Rc4 38. Bd2 Rc6 39. Rb1 Bc4 40. Ra1
Bb6 41. Be3 Bxe3 42. fxe3 Rf6 43. Rd1 Rf3 44. Nd5 h4 45. Kc3 Ba6 46. gxh4 Rh3
47. Ra1 Bc8 48. Ra5 Bg4 49. Kd3 Rxh4 50. Nc7 Kf6 51. Ne8+ Ke7 52. Nc7 Rxh2 53.
Nd5+ Kf8 54. Nf6 Be6 55. Rxe5 Ke7 56. Nd5+ Kd6 57. Rg5 Rh5 58. Rxh5 gxh5 59. Nf4
h4 60. Ke2 Bg4+ 61. Kf2 Ke5 62. Ng2 h3 63. Ne1 Kxe4 64. Nc2 Bf3 65. Kg3 Bg2 66.
Kf2 Kd3 67. Nd4 Be4 68. Kg3 Kxe3 69. Nb5 Bg2 70. Nd6 f6 71. Ne8 f5 72. Nd6 f4+
73. Kh2 Bf1 74. Nf5+ Kf2 75. Nh6 Ke1 76. Ng4 Ke2 77. Kg1 Bg2 78. Kh2 Bb7 0-1

[Event "13th Asian Continental 2014"]
[Site "Sharjah UAE"]
[Date "2014.04.17"]
[Round "1.18"]
[White "Ghaem Maghami, Ehsan"]
[Black "Najjar, Ahmad"]
[Result "1-0"]
[WhiteTitle "GM"]
[BlackTitle "FM"]
[WhiteElo "2556"]
[BlackElo "2261"]
[WhiteFideId "12500739"]
[BlackFideId "5300100"]
[EventDate "2014.04.17"]

1. c4 c6 2. e4 e6 3. d4 d5 4. Nc3 Bb4 5. cxd5 exd5 6. e5 Ne7 7. Bd3 c5 8. a3 Ba5
9. Nf3 Nbc6 10. O-O Bg4 11. dxc5 Bxc3 12. bxc3 Qa5 13. Re1 Rd8 14. h3 Bh5 15.
Bd2 Qxc5 16. Rb1 b6 17. Qa4 Qa5 18. Qxa5 Nxa5 19. Bb5+ Kf8 20. Nd4 Bg6 21. Rbd1
h6 22. Bf4 Kg8 23. e6 f6 24. Bc7 Rc8 25. Bd6 Kf8 26. Re3 Rg8 27. Bb4 Rc7 28. Bd6
Rc8 29. Rg3 Be4 30. Bd7 Rc4 31. Re3 Nb7 32. Bxe7+ Kxe7 33. f3 Bg6 34. Nc6+ Kd6
35. Nb4 Rc5 36. c4 Rxc4 37. Nxd5 Bc2 38. Nxb6+ Bxd1 39. Nxc4+ Ke7 40. Nb2 Bc2
41. Rc3 Bf5 42. Rc7 Nd8 43. Bc8+ Ke8 44. Nc4 Nxe6 45. Nd6+ Kd8 46. Rd7# 1-0

[Event "13th Asian Continental 2014"]
[Site "Sharjah UAE"]
[Date "2014.04.17"]
[Round "1.19"]
[White "Al-Hadarani, Hatim"]
[Black "Gopal, G.N."]
[Result "1/2-1/2"]
[WhiteTitle "FM"]
[BlackTitle "GM"]
[WhiteElo "2249"]
[BlackElo "2553"]
[WhiteFideId "9400273"]
[BlackFideId "5015693"]
[EventDate "2014.04.17"]

1. Nf3 Nf6 2. d4 g6 3. e3 Bg7 4. Bd3 d5 5. O-O O-O 6. Nbd2 Nbd7 7. h3 c5 8. b3
b6 9. Bb2 Bb7 10. Qe2 Rc8 11. Rfd1 e6 12. Rac1 cxd4 13. exd4 Qe7 14. Ba6 Nb8 15.
Bxb7 Qxb7 16. Qe3 Nc6 17. Ne5 b5 18. Nd3 Nd7 19. Nf3 Rc7 20. Re1 a5 21. Re2 Ne7
22. g4 Nc6 23. Nfe5 Ncxe5 24. dxe5 Rfc8 25. Bd4 Bf8 26. c3 Nc5 27. Nxc5 Bxc5 28.
Ree1 Qb6 29. Rcd1 Bxd4 30. cxd4 b4 31. h4 Rc3 32. Qf4 Qd8 33. Kg2 Rc2 34. g5
Rxa2 35. Rh1 Rcc2 36. Rdf1 Re2 37. h5 Re4 38. Qg3 Rxd4 39. Rh2 Rc2 40. Kh1 Rc3
41. f3 Qe7 42. Qf2 Qc5 43. Qg2 Rc1 44. Qg1 Rxf1 45. Qxf1 gxh5 46. Rxh5 Qc2 1/2-1/2

[Event "13th Asian Continental 2014"]
[Site "Sharjah UAE"]
[Date "2014.04.17"]
[Round "1.20"]
[White "Sengupta, Deep"]
[Black "Raes, Abdul Kader"]
[Result "1-0"]
[WhiteTitle "GM"]
[WhiteElo "2531"]
[BlackElo "2248"]
[WhiteFideId "5008352"]
[BlackFideId "7600801"]
[EventDate "2014.04.17"]

1. d4 Nf6 2. c4 e6 3. Nc3 d5 4. Nf3 Be7 5. Bf4 O-O 6. e3 a6 7. Qc2 Nc6 8. a3 Re8
9. c5 Nd7 10. b4 Nf8 11. Bd3 Bd7 12. O-O f5 13. h3 Bf6 14. Bh2 Re7 15. Qb3 Kh8
16. a4 a5 17. b5 Nb4 18. Bb1 Be8 19. Na2 Nxa2 20. Rxa2 Bh5 21. Ne5 Nd7 22. Qc3
Nxe5 23. dxe5 Bg5 24. Qd4 Bf7 25. f4 Bh6 26. g4 g6 27. Rg2 Re8 28. gxf5 gxf5 29.
Bxf5 Qe7 30. Bb1 Rg8 31. Bg3 Bf8 32. Rc1 Bh5 33. Kh2 Bf3 34. Rf2 Bh5 35. f5 Bh6
36. f6 Qf7 37. Bf4 Bg5 38. Rg1 Bh4 39. Rfg2 Rxg2+ 40. Rxg2 Rg8 41. Bh6 Rxg2+ 42.
Kxg2 Bg6 43. e4 Be1 44. Kf1 Bb4 45. exd5 b6 46. dxe6 Qxe6 47. Qd8+ Be8 48. Bg7+ 1-0

[Event "13th Asian Continental 2014"]
[Site "Sharjah UAE"]
[Date "2014.04.17"]
[Round "1.21"]
[White "Igonin, Temur"]
[Black "Vaibhav, Suri"]
[Result "0-1"]
[WhiteTitle "FM"]
[BlackTitle "GM"]
[WhiteElo "2194"]
[BlackElo "2530"]
[WhiteFideId "14203049"]
[BlackFideId "5045185"]
[EventDate "2014.04.17"]

1. e4 e5 2. Nf3 Nc6 3. Bc4 Bc5 4. O-O Nf6 5. d3 O-O 6. Nbd2 d6 7. c3 a6 8. Bb3
Be6 9. Re1 h6 10. Nf1 Ba7 11. Ng3 Qd7 12. Bxe6 fxe6 13. Be3 Bxe3 14. fxe3 d5 15.
d4 Nxe4 16. Nxe4 dxe4 17. Nd2 exd4 18. exd4 e5 19. dxe5 Nxe5 20. Nxe4 Qc6 21.
Qd4 Rae8 22. Re2 Ng6 23. Rae1 Kh8 24. Ng3 Nf4 25. Re4 Kh7 26. Rd1 Rd8 27. Qxd8
Rxd8 28. Rxd8 Qb6+ 29. Rdd4 Ne6 30. b3 Nxd4 31. cxd4 Qa5 32. Re2 Qc3 33. Re4
Qa1+ 34. Nf1 Qxa2 35. Re7 Qxb3 36. Rxc7 Qd5 0-1

[Event "13th Asian Continental 2014"]
[Site "Sharjah UAE"]
[Date "2014.04.17"]
[Round "1.22"]
[White "Batchuluun, Tsegmed"]
[Black "Ayyad, Maher"]
[Result "1-0"]
[WhiteTitle "GM"]
[BlackTitle "FM"]
[WhiteElo "2521"]
[BlackElo "2161"]
[WhiteFideId "4900847"]
[BlackFideId "11200235"]
[EventDate "2014.04.17"]

1. d4 d5 2. c4 e6 3. Nc3 Nf6 4. Bg5 Nbd7 5. e3 c6 6. Nf3 Qa5 7. Nd2 Bb4 8. Qc2
O-O 9. Be2 Ne4 10. Ndxe4 dxe4 11. c5 b6 12. O-O Bxc3 13. bxc3 bxc5 14. Qxe4 cxd4
15. Bd3 Qf5 16. cxd4 Nb6 17. Rfc1 Qxe4 18. Bxe4 Bd7 19. Bxc6 Bxc6 20. Rxc6 Rfc8
21. Rac1 Rxc6 22. Rxc6 f6 23. Bf4 Rc8 24. Rxc8+ Nxc8 25. Kf1 Kf7 26. Ke2 Ke7 27.
Kd3 Kd7 28. Kc4 Kc6 29. e4 Nb6+ 30. Kb4 Nd7 31. Ka5 Kb7 32. g4 Nb6 33. Kb5 Nd7
34. d5 a6+ 35. Kc4 e5 36. Be3 Kc7 37. Bc5 Kb7 38. h4 h6 39. h5 Kc7 40. a4 Kb7
41. a5 Kc7 42. Be7 Kb7 43. Kd3 Kc7 44. Ke3 Kb7 45. f4 Kc8 46. Kf3 Nb8 47. Bc5 1-0

[Event "13th Asian Continental 2014"]
[Site "Sharjah UAE"]
[Date "2014.04.17"]
[Round "1.23"]
[White "Al Mutairi, Hassan S"]
[Black "Rahman, Ziaur"]
[Result "0-1"]
[BlackTitle "GM"]
[WhiteElo "2106"]
[BlackElo "2513"]
[WhiteFideId "21500193"]
[BlackFideId "10200037"]
[EventDate "2014.04.17"]

1. d4 d6 2. Nf3 Bg4 3. Nbd2 Nd7 4. c4 c6 5. h3 Bh5 6. Qb3 Qc7 7. Ne4 Bg6 8. Ng3
e5 9. e4 Ngf6 10. Bd3 exd4 11. Nxd4 Nc5 12. Qc2 d5 13. cxd5 Nxd5 14. Qe2 Nxd3+
15. Qxd3 Bb4+ 16. Kf1 Ne7 17. Be3 O-O 18. Rc1 Nd5 19. Ndf5 Nxe3+ 20. Qxe3 Rfd8
21. Qf3 Qe5 22. Qb3 Qf4 23. Rc4 a5 24. a3 Bf8 25. Ne2 Qd2 26. g4 Qd1+ 27. Qxd1
Rxd1+ 28. Kg2 Rd2 29. Ned4 Rxb2 30. a4 Re8 31. Kf3 f6 32. Rhc1 Bf7 33. R1c2 Rb6
34. R4c3 Rb4 35. Nxc6 bxc6 36. Rxc6 Rbxe4 37. Rc7 Rxa4 38. Ra7 Ra3+ 39. Kg2 Bd5+
40. Kh2 g6 41. Ng3 Bd6 42. Rd2 Bxg3+ 43. fxg3 Ra1 0-1

[Event "13th Asian Continental 2014"]
[Site "Sharjah UAE"]
[Date "2014.04.17"]
[Round "1.24"]
[White "Wang, Chen"]
[Black "Muniz Pardino, Alberto"]
[Result "1-0"]
[WhiteTitle "IM"]
[WhiteElo "2513"]
[BlackElo "2105"]
[WhiteFideId "8601020"]
[BlackFideId "2229560"]
[EventDate "2014.04.17"]

1. e4 c5 2. Nc3 Nc6 3. f4 g6 4. Nf3 Bg7 5. g3 d6 6. Bg2 Rb8 7. O-O b5 8. Kh1 h5
9. d3 Bg4 10. Qe1 Nd4 11. Qf2 Bxf3 12. Bxf3 Nf6 13. Bd1 Qd7 14. Qg2 Ng4 15. h3
Nh6 16. Nd5 e6 17. Ne3 b4 18. Bd2 f5 19. c3 bxc3 20. bxc3 Nc6 21. Ba4 Rc8 22.
Nc4 Qc7 23. Rfe1 Kf7 24. e5 dxe5 25. fxe5 Bf8 26. Rab1 Kg7 27. Bxc6 Qxc6 28.
Rb7+ Nf7 29. Qxc6 Rxc6 30. Rxa7 h4 31. g4 1-0

[Event "13th Asian Continental 2014"]
[Site "Sharjah UAE"]
[Date "2014.04.17"]
[Round "1.25"]
[White "Al-Takrori, Husam"]
[Black "Nguyen, Duc Hoa"]
[Result "0-1"]
[BlackTitle "IM"]
[WhiteElo "2097"]
[BlackElo "2508"]
[WhiteFideId "11501200"]
[BlackFideId "12401358"]
[EventDate "2014.04.17"]

1. e4 c5 2. Nc3 a6 3. g3 b5 4. Bg2 Bb7 5. d3 e6 6. Nf3 d6 7. O-O Nf6 8. a4 b4 9.
Nb1 d5 10. Re1 Be7 11. Nbd2 O-O 12. e5 Nfd7 13. Nf1 Nc6 14. h4 Qb6 15. N1h2 Rae8
16. Bh3 Kh8 17. Bf4 Nd4 18. a5 Nxf3+ 19. Nxf3 Qc6 20. d4 Rc8 21. Qd3 cxd4 22.
Nxd4 Qc4 23. Bf1 Qxd3 24. Bxd3 Bc5 25. Nb3 Be7 26. Bd2 Nc5 27. Nxc5 Bxc5 28. Ra4
Rfe8 29. Bxb4 Bc6 30. Bxc5 Bxa4 31. b4 Ra8 32. Kf1 Kg8 33. Ke2 Reb8 34. Ke3 Bb5
35. f4 f5 36. Rb1 Kf7 37. Bd6 Rb7 38. Rb3 Rc8 39. Bc5 Kg6 40. Rc3 Kh5 41. Bxb5
Rxb5 42. Kd4 Kg4 43. Rb3 h6 44. Rc3 g6 45. Rb3 g5 46. hxg5 hxg5 47. fxg5 Kxg5
48. Ke3 Kg4 49. Kf2 Rh8 50. Kg2 Rh3 51. Rd3 f4 52. gxf4 Rxd3 53. cxd3 d4 54.
Bxd4 Rxb4 55. Bb6 Rb2+ 56. Kf1 Kxf4 57. d4 Ke4 58. Bc5 Rd2 59. Ke1 Rxd4 0-1

[Event "13th Asian Continental 2014"]
[Site "Sharjah UAE"]
[Date "2014.04.17"]
[Round "1.26"]
[White "Gundavaa, Bayarsaikhan"]
[Black "Al-Hajiri, Bader"]
[Result "1-0"]
[WhiteTitle "GM"]
[WhiteElo "2507"]
[BlackElo "2095"]
[WhiteFideId "4901045"]
[BlackFideId "10300163"]
[EventDate "2014.04.17"]

1. d4 Nf6 2. c4 c5 3. d5 e6 4. Nc3 exd5 5. cxd5 d6 6. e4 g6 7. h3 Bg7 8. Nf3 O-O
9. Bd3 a6 10. a4 Re8 11. O-O Nbd7 12. Bf4 c4 13. Bc2 Nc5 14. Re1 b5 15. axb5 Bb7
16. Nd2 Nh5 17. Bh2 Bxc3 18. bxc3 axb5 19. Rb1 Ba6 20. Nf3 Qd7 21. Qd4 Nd3 22.
Bxd3 cxd3 23. Qxd3 b4 24. c4 Rab8 25. e5 Rec8 26. Rec1 dxe5 27. Nxe5 Qf5 28. g4 1-0